<?xml version="1.0" encoding="UTF-8"?>
<marc:record xmlns:marc="http://www.loc.gov/MARC21/slim">
   <marc:leader>00000nam a2200000 a 4500</marc:leader>
   <marc:datafield ind1=" " ind2=" " tag="653">
      <marc:subfield code="a">Johanna Päpstin</marc:subfield>
   </marc:datafield>
   <marc:datafield ind1="0" ind2="0" tag="245">
      <marc:subfield code="a">Die Legende der Päpstin Johanna</marc:subfield>
   </marc:datafield>
   <marc:datafield ind1="0" ind2="0" tag="245">
      <marc:subfield code="b">eine Frau auf dem Stuhl Petri</marc:subfield>
   </marc:datafield>
   <marc:datafield ind1=" " ind2="1" tag="264">
      <marc:subfield code="b">Random House Audio</marc:subfield>
      <marc:subfield code="c">2012</marc:subfield>
   </marc:datafield>
   <marc:datafield ind1="1" ind2=" " tag="520">
      <marc:subfield code="a">Eine spannend inszenierte Dokumentation über "Die Päpstin". Es gibt viele Versionen über diese Frau, die sich der absoluten Männerwelt des Mittelalters entgegenstellte, es von Deutschland bis in den Vatikan schaffte, die unerkannt als Mönch im Kloster lebte, in Athen als Arzt praktizierte und über zwei Jahre als Papst wirkte, bis zu ihrer Steinigung, als das Geheimnis offenbar wurde, weil sie ein Kind bekam.</marc:subfield>
   </marc:datafield>
   <marc:datafield ind1="3" ind2=" " tag="024">
      <marc:subfield code="a">9783837117684</marc:subfield>
   </marc:datafield>
</marc:record>
